000 00325nam a2200121Ia 4500
008 220204s9999 xx 000 0 und d
082 _a549.3
_bVAU
100 _aCraig, James R
245 0 _aMineral chemistry of metal sulfides
260 _aCambridge
_bCambridge University
_c1978
700 _aVaughan, David J
942 _cBK
999 _c29843
_d29843